ბათუმის შოთა რუსთაველის სახელმწიფო უნივერსიტეტის ბიბლიოთეკა

ფული და ფულადი სისტემები (ბიბ.ჩანაწერი № 34497)

000 -LEADER
fixed length control field 00702nam a2200229Ia 4500
001 - CONTROL NUMBER
control field 246
003 - CONTROL NUMBER IDENTIFIER
control field GE_BSU
008 - FIXED-LENGTH DATA ELEMENTS--GENERAL INFORMATION
fixed length control field 181216s||||||||xx |||||||||||||| ||und||
040 ## - CATALOGING SOURCE
Transcribing agency GE_BSU
080 ## - UNIVERSAL DECIMAL CLASSIFICATION NUMBER
Universal Decimal Classification number 336.7
100 ## - MAIN ENTRY--PERSONAL NAME
Personal name ასათიანი, როზეტა
245 ## - TITLE STATEMENT
Title ფული და ფულადი სისტემები
245 ## - TITLE STATEMENT
Statement of responsibility, etc. რედ: მშვილდაძე, გიორგი
260 ## - PUBLICATION, DISTRIBUTION, ETC.
Place of publication, distribution, etc. თბილისი
260 ## - PUBLICATION, DISTRIBUTION, ETC.
Name of publisher, distributor, etc. თბილისის უნ-ტის გამ-ბა
260 ## - PUBLICATION, DISTRIBUTION, ETC.
Date of publication, distribution, etc. 1991
300 ## - PHYSICAL DESCRIPTION
Extent 64 გვ.
653 ## - INDEX TERM--UNCONTROLLED
Uncontrolled term ფულადი სისტემები
653 ## - INDEX TERM--UNCONTROLLED
Uncontrolled term ფული
942 ## - ADDED ENTRY ELEMENTS (KOHA)
Koha item type წიგნი
ეგზემპლარები
Withdrawn status Lost status Damaged status Not for loan Date acquired Barcode Date last seen Price effective from Koha item type
        2018-12-17 1234 2018-12-17 2018-12-17 წიგნი